|
|
|
|
| LEADER |
00992nam a2200325 4500 |
| 001 |
DLU060052389 |
| 005 |
##20110922 |
| 040 |
# |
# |
|a DLU
|b vie
|
| 041 |
# |
# |
|a vie
|
| 044 |
# |
# |
|a vn
|
| 082 |
# |
# |
|a 543
|b NG-T
|
| 100 |
# |
# |
|a Nguyễn Đình Triệu.
|
| 245 |
# |
# |
|a Các phương pháp phân tích vật lý và hoá lý :
|b Câu hỏi và bài tập /
|c Nguyễn Đình Triệu, Nguyễn Đình Thành.
|
| 246 |
# |
# |
|a Các phương pháp phân tích vật lý & hoá lý :
|b Câu hỏi và bài tập
|
| 260 |
# |
# |
|a H. :
|b Khoa học và Kỹ thuật,
|c 2001.
|
| 300 |
# |
# |
|a 491 tr. ;
|c 27 cm.
|
| 504 |
# |
# |
|a Tài liệu tham khảo :tr.491.
|
| 650 |
# |
# |
|a Hoá học, Phân tích
|x Bài toán, bài tập, v.v...
|
| 700 |
# |
# |
|a Nguyễn Đình Thành,
|c TS.
|
| 923 |
# |
# |
|a 03/2006
|
| 991 |
# |
# |
|a GT
|
| 992 |
# |
# |
|a 72000
|
| 994 |
# |
# |
|a DLU
|
| 900 |
# |
# |
|a True
|
| 911 |
# |
# |
|a Đào Thị Thu Huyền
|
| 925 |
# |
# |
|a G
|
| 926 |
# |
# |
|a A
|
| 927 |
# |
# |
|a SH
|
| 980 |
# |
# |
|a Thư viện Trường Đại học Đà Lạt
|